Statistiques concernant Culture Générale - Série 1360

Cliquez ici pour prendre le quiz!

Statistiques générales

  • Ce quiz a été pris 41 fois
  • Le résultat moyen est 5 sur 10

Statistiques - réponses

QuestionRéponse% Correct
Quand il ne désigne pas une personne malpropre, quel mammifère est un sagouin ?singe
80%
L'apôtre de Jésus connu pour être celui qui ne croit que ce qu'il voit est saint...Thomas
80%
Quelle mer intérieure de la Méditerranée borde les côtes de l'île grecque appelée Lesbos ?mer Égée
68%
Quelle était la nationalité du grand couturier Cristóbal Balenciaga ?espagnole
68%
Quelle ville de la côte Est des États-Unis est la capitale de l'État du Massachusetts ?Boston
66%
Le 15 janvier 2009, sur quel fleuve un avion avec 155 passagers à bord a-t-il amerri, en plein New York ?Hudson
63%
Dans quelle ville, chef-lieu d'arrondissement des Landes, sur l'Adour, soigne-t-on les rhumatismes ?Dax
46%
Autrefois, sur quel accessoire vestimentaire féminin trouvait-on souvent un "suivez-moi-jeune-homme" ?chapeau
27%
Chez les poissons, quel mot désigne l'époque de la ponte et de la fécondation des oeufs ?frai
24%
Selon l'expression, de quel animal mort est-il plus facile de "tirer un pet", que prendre de l'argent à un avare ?âne
15%

Distribution des résultats

Percentile par nombre de réponses

% des personnes avec chaque résultat

Votre développement - résultats

Vous n’avez pas pris ce quiz